Kraje Afryki pod względem powierzchni - Statystyki

Ogólne statystyki
  • Ten quiz został rozwiązany 61 razy
    46 od ostatniego zresetowania
  • Średni wynik to 23 z 54
Statystyki odpowiedzi
Powierzchnia Kraj Litera % Poprawnych
2 381 740 Algieria D
96%
2 344 858 Demokratyczna Republika Konga S
92%
1 759 540 Libia C
81%
1 861 484 Sudan L
81%
1 284 000 Czad N
77%
1 267 000 Niger A
77%
1 246 700 Angola M
65%
1 104 300 Etiopia M
62%
1 240 192 Mali R
58%
1 219 090 Republika Południowej Afryki E
58%
1 001 450 Egipt T
54%
1 030 700 Mauretania E
54%
947 300 Tanzania N
54%
824 292 Namibia M
50%
923 768 Nigeria N
50%
752 618 Zambia M
50%
799 380 Mozambik Z
46%
644 329 Sudan Południowy S
46%
581 730 Botswana K
42%
475 440 Kamerun Z
42%
622 984 Republika Środkowoafrykańska M
42%
455 Seszele -
42%
637 657 Somalia R
42%
322 463 Wybrzeże Kości Słoniowej B
42%
390 757 Zimbabwe K
42%
241 038 Uganda G
38%
112 622 Benin L
35%
238 533 Ghana S
35%
580 367 Kenia K
35%
342 000 Kongo W
35%
587 041 Madagaskar B
35%
716 550 Maroko S
35%
274 200 Burkina Faso G
31%
117 600 Erytrea B
31%
17 364 Eswatini G
31%
245 857 Gwinea U
31%
2235 Komory M
31%
111 369 Liberia S
31%
2040 Mauritius W
31%
56 785 Togo G
31%
23 200 Dżibuti E/S
27%
267 667 Gabon G
27%
11 300 Gambia R
27%
36 125 Gwinea-Bissau L
27%
118 484 Malawi E
27%
26 338 Rwanda D
27%
71 740 Sierra Leone T
27%
27 830 Burundi R
23%
28 051 Gwinea Równikowa B
23%
196 722 Senegal T
23%
964 Wyspy Świętego Tomasza i Książęca S
23%
163 610 Tunezja M
19%
30 355 Lesotho G
15%
4033 Republika Zielonego Przylądka K
15%
Nie znaleziono quizów pasujących do podanych kryteriów
Rozkład punktacji
Procent ludzi z każdym wynikiem
Percentyl według liczby udzielonych odpowiedzi
Twoja historia wyników
Nie rozwiązałeś tego quizu od ostatniego zresetowania